| 000 | 00670nam a2200193Ia 4500 | ||
|---|---|---|---|
| 003 | LDD | ||
| 008 | 190117s9999 xx 000 0 und d | ||
| 020 |
_a9788192290300 _c₹995 |
||
| 040 | _cLDD | ||
| 041 | _ahi | ||
| 082 | _a8U1.09 गा6602गा | ||
| 100 | _aगालिब | ||
| 245 | 0 |
_aगालिब उग्र _b गालिब के दीवान की टीका _cगालिब |
|
| 260 |
_aनई दिल्ली _bटेकन्स पब्लिशर्स _c2013 |
||
| 300 | _a560पृ. | ||
| 901 | _aHBC | ||
| 904 | _aReqst by : Jitendra Shriwastava | ||
| 942 |
_2ddc _cH |
||
| 999 |
_c157197 _d157197 |
||